Clubs de la Champions Cup 2022-2023. - Statistiques

Statistiques générales
  • Ce quiz a été pris 118 fois
  • Le résultat moyen est 16 sur 24
Statistiques - réponses
Clubs % Correct
Stade toulousain
100%
Stade rochelais
93%
Leinster
92%
Racing 92
91%
Union Bordeaux-Bègles
84%
Castres olympique
79%
Montpellier HR
79%
Saracens
79%
Munster
76%
Lyon OU
73%
Ulster
71%
ASM Clermont
70%
Leicester Tigers
70%
Sale Sharks
70%
Exeter Chiefs
67%
Harlequins
57%
Bulls
56%
Northampton Saints
52%
Stormers
51%
Édimbourg rugby
46%
Gloucester RFC
41%
Sharks
41%
London Irish
33%
Ospreys
32%
Aucun quiz correspondant
Distribution des résultats
% des personnes avec chaque résultat
Percentile par nombre de réponses
Votre historique - résultats
Vous n’avez pas pris ce quiz